ALL Drag Race Philippines Queens A-Z - Statistics

General Stats
  • This quiz has been taken 146 times
    106 since last reset
  • The average score is 29 of 35
Answer Stats
Season Drag Queen % Correct
πŸ‡΅πŸ‡­ 1πŸ‡¬πŸ‡§πŸŒŽ 2 Marina Summers
98%
πŸ‡΅πŸ‡­ 3 Angel
96%
πŸ‡΅πŸ‡­ 1🌎⭐ 1 Eva Le Queen
95%
πŸ‡΅πŸ‡­ 2πŸ‡΅πŸ‡­πŸŒŽ 1 Bernie
93%
πŸ‡΅πŸ‡­ 1πŸ‡΅πŸ‡­πŸŒŽ Brigiding
93%
πŸ‡΅πŸ‡­ 2 M1ss Jade So
93%
πŸ‡΅πŸ‡­ 3 Maxie
93%
πŸ‡΅πŸ‡­ 1 Precious Paula Nicole
93%
πŸ‡΅πŸ‡­ 2 Captivating Katkat
91%
πŸ‡΅πŸ‡­ 3πŸ‡΅πŸ‡­πŸŒŽ 1 Khianna
91%
πŸ‡΅πŸ‡­ 1πŸ‡΅πŸ‡­πŸŒŽ 1 ViΓ±as Deluxe
91%
πŸ‡΅πŸ‡­ 2πŸ‡΅πŸ‡­πŸŒŽ 1 Arizona Brandy
89%
πŸ‡΅πŸ‡­ 1 Gigi Era
84%
πŸ‡΅πŸ‡­ 1 Lady Morgana
84%
πŸ‡΅πŸ‡­ 3 Popstar Bench
84%
πŸ‡΅πŸ‡­ 3 Tita Baby
84%
πŸ‡΅πŸ‡­ 3 Zymba Ding
84%
πŸ‡΅πŸ‡­ 1 Corazon
82%
πŸ‡΅πŸ‡­ 2 Hana Beshie
82%
πŸ‡΅πŸ‡­ 3 John Fedellaga
82%
πŸ‡΅πŸ‡­ 3 J Quinn
82%
πŸ‡΅πŸ‡­ 1πŸ‡¬πŸ‡§πŸŒŽ 3 Minty Fresh
82%
πŸ‡΅πŸ‡­ 3 Myx Chanel
82%
πŸ‡΅πŸ‡­ 1 Turing
82%
πŸ‡΅πŸ‡­ 3 Versex
82%
πŸ‡΅πŸ‡­ 2 Dee Dee MariΓ© Holliday
80%
πŸ‡΅πŸ‡­ 2 ØV C--T
80%
πŸ‡΅πŸ‡­ 1 Prince
80%
πŸ‡΅πŸ‡­ 3 Yudipota
80%
πŸ‡΅πŸ‡­ 1 Xilhouete
78%
πŸ‡΅πŸ‡­ 2 Astrid Mercury
75%
πŸ‡΅πŸ‡­ 2 Tiny Deluxe
75%
πŸ‡΅πŸ‡­ 2 Veruschka Levels
73%
πŸ‡΅πŸ‡­ 2 Matilduh
71%
πŸ‡΅πŸ‡­ 2 Nicole Pardaux
71%
No matching quizzes found
Score Distribution
Percent of People with Each Score
Percentile by Number Answered
Your Score History
You have not taken this quiz since the last reset